Resources in Our Day-to-day Life : (Record no. 611787)

MARC details
000 -LEADER
fixed length control field 00537nam a2200181 a 4500
008 - FIXED-LENGTH DATA ELEMENTS--GENERAL INFORMATION
fixed length control field 260211s2004##################000#0#eng##
020 ## - INTERNATIONAL STANDARD BOOK NUMBER
ISBN 9783631519257
082 04 - DEWEY DECIMAL CLASSIFICATION NUMBER
Classification number 333.7068
Item number NIP.3
100 1# - MAIN ENTRY--AUTHOR NAME
Personal name Drebenstedt, Carsten,
245 10 - TITLE STATEMENT
Title Resources in Our Day-to-day Life :
260 ## - PUBLICATION, DISTRIBUTION, ETC. (IMPRINT)
Name of publisher Peter Lang Gmbh, Internationaler Verlag Der Wissenschaften,
Year of publication 2004.
650 #0 - SUBJECT ADDED ENTRY--TOPICAL TERM
Topical Term Natural resources.
942 ## - ADDED ENTRY ELEMENTS (KOHA)
Koha item type English Books
Holdings
Withdrawn status Lost status Damaged status Not for loan Home library Current library Shelving location Date acquired Full call number Accession Number Price effective from Koha item type
        Anna Centenary Library Anna Centenary Library 4TH FLOOR, A WING 11.02.2026 333.7068 NIP.3 221899 11.02.2026 English Books

Find us on the map